| 000 | 01069cam a2200217 4500 | ||
|---|---|---|---|
| 001 | ABS66645 | ||
| 008 | 030411n2003 000 0 eng u | ||
| 035 | _a(Sirsi) u121963 | ||
| 245 | _aE-form speeds application | ||
| 260 | _c2003 | ||
| 490 |
_aFarmers' Weekly _v138(14) 4 April 2003, 52(1) |
||
| 520 | _aGiven the growing use of IT, describes how to submit IACS forms electronically to the Rural Payments Agency and advises on the hardware and software required. Lists the improvements by submitting the IACS form in this way and also the advantages. User support is available from the e-IACS help desk on t +44 (0)45 6013482, [email protected]. Also available is a booklet, "How to submit your claim electronically" either by downloading from www.rpa.gov.uk or by post. | ||
| 590 | _aABS | ||
| 650 | _aINTEGRATED ADMINISTRATION AND CONTROL SYSTEM | ||
| 650 | _aIACS FORMS | ||
| 650 | _aIACS DOCUMENTATION | ||
| 650 | _aELECTRONIC DOCUMENTS | ||
| 650 | _aELECTRONIC DOCUMENT TRANSFER | ||
| 690 | _aRURAL-FARM BUSINESS MANAGEMENT | ||
| 942 | _n0 | ||
| 999 |
_c72486 _d72486 |
||